• 首页
  • 本馆介绍
  • 公告通知
  • 最新文献
  • 馆藏检索
  • 电子资源
  • 读者导购
  • 参考咨询
  • 我的图书馆
  • 登录
  • 详细信息显示
  • 放入我的书架
  • 预约/预借图书
  • 作者相关作品
  • 分类相关作品
  • 丛书相关作品
  • 出版社相关作品

书目信息

  • 表格格式
  • 工作单格式
  • 卡片格式
书名: Approaching fiction =
作者: Yuan Xianjun, Qian Kunqiang, [editors]
分册号:
分册名:
出版地: Beijing :
 
出版社: Peking University Press
出版时间: 2003.
页数: 2, 428 p. ;
开本: 21 cm.
丛书名: 21世纪大学英语专业教材
中图分类号:
科图分类号:
其他分类号: H319.4
主题词:
电子资源:
000 00934nam 2200253 a 4500
001 0002236455
004 001069021
005 20070827094446.65
008 000 0 eng
008 4001uueng0000000
020    @a7-80004-840-3 :@cCNY5.00.
040    @aCcBjTSG
090    @aI106.4 @bA652
096    @aI106.4
099    @dH319.4@ex620
245 00 @aApproaching fiction = :@b英语小说导读 / @cYuan Xianjun, Qian Kunqiang, [editors]
246 31 @a英语小说导读
260    @aBeijing :@bPeking University Press,@c2003.
300    @a2, 428 p. ;@c21 cm.
440  0 @a21世纪大学英语专业教材
504    @aIncludes bibliography (p. 422-428).
700 1  @aQian, Kunqiang. @b01 @c20040728 @lNLC09 @h1501 @b01 @c20040728 @lNLC09 @h1507 @b40 @c20040823 @lNLC09 @h0841 @b40 @c20040823 @lNLC09 @h0847 @b40 @c20040921 @lNLC09 @h0913 @b40 @c20040921 @lNLC09 @h0914
700 1  @aYuan, Xianjun.
852 0  @bWWJC @cJ09 @k2-2004 @hI106.4 @iA652
    
    Approaching fiction = : : 英语小说导读 / / Yuan Xianjun, Qian Kunqiang, [editors].-Beijing : : Peking University Press, , 2003.
    2, 428 p. ; ; 21 cm.- (21世纪大学英语专业教材 )
    Includes bibliography (p. 422-428).
    
    ISBN 7-80004-840-3 :CNY5.00.
    
●
相关链接 在E读中查询图书 在五车中查询图书 在当当中查询图书 在豆瓣中查询图书


正题名:Approaching fiction =     索取号:H319.4/x620         预约/预借

序号 登录号 条形码 馆藏地/架位号 状态 备注
1 17391   300173915   第二样本阅览室/ [索取号:H319.4/x620] 在馆    
唐山师范学院图书馆 欢迎您!
大连网信软件有限公司© 版权所有